| 000 | 00686 a2200169 4500 | ||
|---|---|---|---|
| 020 | _a1555582249 | ||
| 040 | _aDLC | ||
| 082 | 0 | 0 | _a005.713769 |
| 100 | 1 | _aRedmond, Tony, | |
| 245 | 1 | 0 |
_aMicrosoft Exchange Server for Windows 2000 : planning, design and implementation _bplanning, design and implementation _cTony Redmond. |
| 260 |
_aBoston, Mass. ; _aOxford : _bDigital, _cc2001. |
||
| 300 |
_axxii, 1048 p. : _bill. ; _c25 cm. |
||
| 650 | 0 | _aClient/server computing. | |
| 856 | 4 | 2 |
_3Publisher description _uhttp://www.loc.gov/catdir/description/els031/2001265265.html |
| 856 | 4 | 2 |
_3Table of contents _uhttp://www.loc.gov/catdir/toc/els031/2001265265.html |
| 942 |
_cBK _k005.713769 RED _2ddc |
||
| 999 |
_c6342 _d6342 |
||